Country Logic Puzzle by Scambigol #32 - Statistics

General Stats
  • This quiz has been taken 136 times
  • The average score is 16 of 43
Answers on the Map
Answers color-coded by a green-red scale on the quiz's map according to % correct below.
 
Answer Stats
Country % Correct
Ireland
88%
United Kingdom
88%
Spain
71%
Portugal
69%
France
62%
Italy
62%
Andorra
46%
Monaco
46%
Austria
44%
San Marino
44%
Vatican City
44%
Germany
38%
Slovenia
38%
Czech Republic
37%
Denmark
37%
Liechtenstein
37%
Poland
37%
Switzerland
37%
Belgium
35%
Estonia
35%
Latvia
35%
Lithuania
35%
Luxembourg
35%
Netherlands
35%
Croatia
33%
Belarus
31%
Russia
31%
Bosnia and Herzegovina
29%
North Macedonia
29%
Ukraine
29%
Greece
27%
Moldova
27%
Albania
25%
Bulgaria
25%
Kosovo
25%
Montenegro
25%
Romania
25%
Finland
23%
Hungary
23%
Norway
23%
Serbia
23%
Slovakia
23%
Sweden
23%
No matching quizzes found
Score Distribution
Percent of People with Each Score
Percentile by Number Answered
Your Score History
You have not taken this quiz